[Event "FRA-chT U20 0506"]
[Site "France"]
[Date "2005.11.13"]
[Round "2.2"]
[White "Oumzil, Christophe"]
[Black "Richard, Emma"]
[Result "0-1"]
[WhiteElo "1610"]
[BlackElo "1820"]
[PlyCount "104"]
[EventDate "2005.11.12"]
[EventType "team"]
[EventRounds "3"]
[EventCountry "FRA"]
[SourceTitle "CBM 109 Extra"]
[Source "ChessBase"]
[SourceDate "2006.01.03"]
[SourceVersion "2"]
[SourceVersionDate "2006.01.03"]
[SourceQuality "1"]

1. e4 c5 2. Nf3 Nc6 3. Bb5 Nf6 4. Nc3 Qc7 5. 0-0 Nd4 6. Nxd4 cxd4 7. Nd5 Nxd5 8. exd5 Qc5 9. c4 g6 10. d3 Bg7 11. b4 Qxb4 12. Bd2 Qc5 13. Qe1 a5 14. Bxa5 0-0 15. Bb4 Qc7 16. Bxe7 Re8 17. d6 Qc5 18. a4 Bf8 19. Qe4 Bxe7 20. Rfe1 Qxd6 21. Re2 Qe6 22. Qf3 Qf5 23. Qd5 Kg7 24. Rae1 Qf6 25. Bxd7 Bxd7 26. Qxd7 Kf8 27. g3 Qd6 28. Qb5 Qc6 29. Qe5 Bf6 30. Qxe8+ Rxe8 31. Rxe8+ Qxe8 32. Rxe8+ Kxe8 33. Kg2 Kd7 34. Kf3 Kc6 35. Ke4 Kc5 36. f4 Kb4 37. Kd5 Kxa4 38. Kd6 Kb3 39. Kd5 Kc3 40. Ke4 Be7 41. g4 f5+ 42. gxf5 gxf5+ 43. Kxf5 Kxd3 44. Ke6 Bh4 45. c5 Kc4 46. Kd6 d3 47. Kc7 d2 48. Kxb7 d1Q 49. c6 Qd5 50. Kb6 Bd8+ 51. Kb7 Kc5 52. Ka7 Kxc6 0-1